| 000 | 00675nam a2200241Ia 4500 | ||
|---|---|---|---|
| 003 | OSt | ||
| 005 | 20220928111717.0 | ||
| 006 | a|||||r|||| 00| 0 | ||
| 007 | ta | ||
| 008 | 220927b |||||||| |||| 00| 0 eng d | ||
| 024 | _a51082 | ||
| 037 | _cTextual | ||
| 040 |
_aSDCL _cSDCL _beng |
||
| 041 |
_2eng _aeng |
||
| 082 | _aR3xN05,SF, K2 | ||
| 100 |
_aSartre Jean - Paul _9391470 |
||
| 245 | 0 | _aSketch for a theory of the Emotions . | |
| 260 |
_aLondon _bMethuen and Co _c1962 |
||
| 300 |
_a94p. _ccm. |
||
| 700 |
_a Warnock Mary Tr. _9424710 |
||
| 942 |
_hR3xN05,SF, K2 _cTEXL _2CC |
||
| 999 |
_c741543 _d741543 |
||